000 00458nam a2200181Ia 4500
001 22572
005 20260414150840.0
008 260414t2014||||xx |||||||||||||| ||spa||
041 _aESP
082 _a621.382
_bR44
100 _aRestrepo Angulo, Jairo
_eAUT
245 0 _aIngeniería de telecomunicaciones :
_bconceptos básicos
260 _c2014
300 _a317 páginas :
_c24 cm.
650 _aTCA
654 _aCET
942 _cLIB
_dJUS
_fJUS
_2ddc
_n
999 _c22572
_d22572